FC Ingolstadt 04 Bundesligakader 15/16 - Statistiken

Allgemein
  • Dieses Quiz wurde 81 mal gespielt
  • Das Durchschnittsergebnis liegt bei 8 aus 25
Antwortstatistiken
Hint Antwort % Korrekt
#1 Ramazan Özcan
68%
#10 Pascal Groß
66%
#9 Moritz Hartmann
60%
#34 Marvin Matip
59%
#16 Lukas Hinterseer
51%
#37 Darío Lezcano
49%
#26 Örjan Nyland
46%
#7 Mathew Leckie
43%
#8 Roger
40%
#14 Stefan Lex
40%
#36 Almog Cohen
37%
#6 Alfredo Morales
29%
#29 Markus Suttner
29%
#21 Danny da Costa
28%
#18 Romain Brégerie
28%
#5 Benjamin Hübner
25%
#23 Robert Bauer
25%
#28 Tobias Levels
24%
#19 Max Christiansen
16%
#30 Thomas Pledl
12%
#15 Danilo Soares
10%
#25 Elias Kachunga
10%
#20 Konstantin Engel
10%
#11 Tomas Pekhart
7%
#31 Maurice Multhaupt
4%
Keine übereinstimmenden Quizze gefunden
Verteilung der Resultate
Anzahl Personen mit jedem Resultat
Perzentil nach korrekt beantworteten Fragen
Ihre Resultats-Entwicklung
Sie haben dieses Quiz noch nicht gespielt